| 000 | 00839nas a2200289 4500 | ||
|---|---|---|---|
| 001 | BR2011001638 | ||
| 003 | BR-BrBNA | ||
| 005 | 20231205114913.0 | ||
| 007 | ta | ||
| 008 | 230509b bl.|||p| |||| 00| 00por d | ||
| 040 |
_aBR-BrBNA _bpor _cBiblioteca Nacional de Agricultura |
||
| 041 | _a(Pt) | ||
| 072 | _aS01 | ||
| 100 | 1 | _aSantos, I.H.V. da S. | |
| 100 | 1 | _aTaborda, R.S. | |
| 100 | 1 | _aFaria, S.M. | |
| 100 | 1 | _aRicarte, M.P.R. | |
| 245 | 1 | _aResto ingestão em uma unidade produtora de refeições de Porto Velho, RO | |
| 650 | _aALIMENTO | ||
| 650 | _aCONSUMO | ||
| 650 | _aDESPERDÍCIO | ||
| 650 | _aRONDÔNIA | ||
| 650 | _aCEARÁ | ||
| 773 | 0 |
_tHigiene Alimentar (Brazil) _xISSN 0101-9171 _g(Nov-Dec 2010), v. 24(190-191) p. 16-21 _wBR2011001638 |
|
| 909 |
_a202311 _bLúcia _c55 _dLúcia Elande |
||
| 942 |
_2AGRIS _n0 _cANA |
||
| 999 |
_c211121 _d211121 |
||